100 Largest Alabama CIties (2010 Census) Quiz Stats

 Plays Quiz not verified by Sporcle

Challenge
Share
Tweet
Embed
Score 0/100 Timer 10:00
0 Plays Today
Population City % Correct
205,764Montgomery
98.5%
212,237Birmingham
98.4%
195,111Mobile
98.1%
180,105Huntsville
96.8%
90,468Tuscaloosa
94%
53,380Auburn
90.4%
65,496Dothan
86.4%
81,619Hoover
85.1%
55,683Decatur
82.7%
23,106Anniston
82.7%
36,856Gadsden
82.3%
39,319Florence
82%
26,477Opelika
78%
42,938Madison
77.1%
14,775Cullman
76.3%
13,146Muscle Shoals
76.3%
27,456Bessemer
74.9%
32,822Phenix City
74.6%
33,960Prattville
73.7%
34,033Vestavia Hills
73.3%
20,756Selma
73.3%
21,348Oxford
72.3%
18,033Troy
72%
26,562Enterprise
70.7%
15,676Talladega
70.3%
25,167Homewood
70.2%
20,413Mountain Brook
69.4%
21,897Athens
68.9%
14,770Scottsboro
68.9%
21,352Pelham
68.4%
14,352Jasper
67.9%
30,352Alabaster
67.6%
14,012Fort Payne
67.4%
12,548Jacksonville
67.3%
Population City % Correct
21,160Albertville
66.8%
23,330Northport
65.8%
9,741Gulf Shores
65%
21,570Daphne
63.2%
12,695Pell City
63.2%
19,933Trussville
62.6%
8,135Greenville
62.6%
8,197Guntersville
62.4%
14,618Foley
62.1%
8,423Tuscumbia
62.1%
6,659Opp
62.1%
22,659Prichard
61.9%
9,865Tuskegee
61.9%
15,326Fairhope
61.4%
13,893Gardendale
61.3%
5,441Orange Beach
61.3%
9,551Boaz
60.8%
14,875Alexander City
60.6%
11,773Leeds
60%
12,749Sylacauga
59.6%
12,349Irondale
59%
8,050Arab
58.2%
9,015Andalusia
57.9%
11,117Fairfield
57.4%
8,044Bay Minette
57.1%
8,619Clanton
56.9%
9,039Sheffield
56.7%
9,602Rainbow City
56.4%
7,483Demopolis
56.4%
6,528Wetumpka
56.2%
9,830Russellville
55.8%
6,567Oneonta
55.8%
10,183Chelsea
55.4%
14,255Hartselle
55.1%
Population City % Correct
6,519Monroeville
54.9%
14,907Ozark
54.8%
13,137Eufaula
54.1%
8,380Fultondale
53.6%
16,105Hueytown
53.3%
13,405Saraland
53%
11,620Calera
52.4%
16,921Center Point
51.4%
11,726Moody
51.1%
9,524Valley
50.2%
6,885Hamilton
50.1%
6,798Spanish Fort
49.9%
5,408Brewton
49.8%
16,793Helena
49.4%
14,640Millbrook
48.5%
9,708Clay
47.2%
5,276Robertsdale
46.7%
10,194Atmore
46%
10,110Pleasant Grove
45.7%
5,365Midfield
45.1%
6,323Montevallo
44.9%
6,266Lincoln
44.9%
6,397Tarrant
44.6%
6,048Attalla
43.8%
6,168Satsuma
42.1%
7,163Pinson
42%
6,468Lanett
41.5%
6,074Roanoke
40.8%
8,412Southside
40.7%
5,295Daleville
39.9%
5,406Pike Road
38.4%
6,106Chickasaw
33.7%

You're not logged in!

Compare scores with friends on all Sporcle quizzes.
Join for Free
OR
Log In

You Might Also Like...

Show Comments

Extras

Top Quizzes Today


Score Distribution

Your Account Isn't Verified!

In order to create a playlist on Sporcle, you need to verify the email address you used during registration. Go to your Sporcle Settings to finish the process.

Report this User

Report this user for behavior that violates our Community Guidelines.

Details: